| 000 | 00642nam a2200217Ia 4500 | ||
|---|---|---|---|
| 003 | OSt | ||
| 005 | 20241126103359.0 | ||
| 008 | 210716s1983 xx 000 0 und d | ||
| 040 | _cAIMIT LIBRARY | ||
| 041 | _aeng | ||
| 082 |
_a657 _22 _bSKOK |
||
| 100 |
_aSkousen, K Fred. _9186549 |
||
| 245 |
_aPrinciples of accounting. _cFred Skousen K, Harold Q Langenderfer and W Steve Albrecht. |
||
| 250 | _a2 | ||
| 260 |
_aNew York _bWorth Publishers Inc _c1983 |
||
| 300 | _av,234 | ||
| 650 |
_aAccounting(657) _9186351 |
||
| 700 |
_aLangenderfer, Harold Q. _9186353 |
||
| 700 |
_aAlbrecht, W Steve. _9186354 |
||
| 942 |
_2ddc _cBK _e2nd _k657 SKOK |
||
| 999 |
_c198993 _d198993 |
||